Statistics for Countries that Border Countries that start with P

Click here to take the quiz!

General Stats

  • This quiz has been taken 33 times
  • The average score is 20 of 20

Answer Stats

CountriesBorders% Correct
PakistanAfghanistan
100%
ParaguayArgentina
100%
PolandBelarus
100%
Paraguay, PeruBolivia
100%
Paraguay, PeruBrazil
100%
PeruChile
100%
Panama, PeruColombia
100%
PanamaCosta Rica
100%
PolandCzechia
100%
PeruEcuador
100%
PolandGermany
100%
PakistanIndia
100%
PolandRussia
100%
PolandSlovakia
100%
PortugalSpain
100%
PolandUkraine
100%
Papua New GuineaIndonesia
97%
PakistanIran
97%
PolandLithuania
93%
PakistanChina
87%

Score Distribution

Percentile by Number Answered

Percent of People with Each Score

Your Score History

You have not taken this quiz